Places To Study

There are group study rooms, individual study carrels, computer labs, and other spaces to study in the Libraries.

Reserve A Group Room

Online Resources

Access thousands of eBooks, audiobooks, and online journals from the comfort of your home.

Explore Resources

Events and Workshops

Join our upcoming events and workshops to enhance your skills and knowledge.

View Events

စရိယာပိဋကအဋ္ဌကထာနိဿယသစ်၊ (Record no. 2518)

MARC details
000 -LEADER
fixed length control field 01095nam a22001817a 4500
003 - CONTROL NUMBER IDENTIFIER
control field OSt
005 - DATE AND TIME OF LATEST TRANSACTION
control field 20251117163543.0
008 - FIXED-LENGTH DATA ELEMENTS--GENERAL INFORMATION
fixed length control field 251117b |||||||| |||| 00| 0 eng d
040 ## - CATALOGING SOURCE
Transcribing agency DCL
082 ## - DEWEY DECIMAL CLASSIFICATION NUMBER
Classification number ၂၉၄.၃၈၂၃၅၇၁
130 ## - MAIN ENTRY--UNIFORM TITLE
Uniform title တိပိဋက။
Name of part/section of a work သုတ္တန္တပိဋက။
-- ခုဒ္ဒကနိကာယ။
Title of a work စရိယာပိဋက၊
Language of a work အဋ္ဌကထာ၊
Version နိဿယ။
245 ## - TITLE STATEMENT
Title စရိယာပိဋကအဋ္ဌကထာနိဿယသစ်၊
Number of part/section of a work ဒုတိယတွဲ /
Statement of responsibility, etc. ဒေါက်တာဘဒ္ဒန္တထေရိန္ဒ။
264 ## - PRODUCTION, PUBLICATION, DISTRIBUTION, MANUFACTURE, AND COPYRIGHT NOTICE
Place of production, publication, distribution, manufacture ရန်ကုန် ၊
Name of producer, publisher, distributor, manufacturer နိုင်ငံတော်ပရိယတ္တိသာသနာ့တက္ကသိုလ်၊
Date of production, publication, distribution, manufacture, or copyright notice ၂၀၁၉။
300 ## - PHYSICAL DESCRIPTION
Extent ကံ၊ ၅၈၉ စာမျက်နှာ ၊
Dimensions ၂၅ စင်တီ။
650 ## - SUBJECT ADDED ENTRY--TOPICAL TERM
Topical term or geographic name entry element စရိယပိဋက
Form subdivision အဋ္ဌကထာ နိဿယ။
700 ## - ADDED ENTRY--PERSONAL NAME
Personal name ထေရိန္ဒ၊ ဘဒ္ဒန္တ၊ ဒေါက်တာ-
942 ## - ADDED ENTRY ELEMENTS (KOHA)
Source of classification or shelving scheme Dewey Decimal Classification
Koha item type Short Term
Suppress in OPAC No
Holdings
Withdrawn status Lost status Source of classification or shelving scheme Damaged status Not for loan Collection Accession No. Home library Current library Shelving location Date acquired Total checkouts Full call number Barcode Date last seen Price effective from Koha item type
    Dewey Decimal Classification     Myanmar Pitaka Collection ၁၃၉၉ Dhammadhara Dhammadhara Myanmar Pitaka Shelves 17/11/2025   ၂၉၄.၃၈၂၃၅၇၁ ခုဒ္ဒ ၁၃၉၉ MB00001399 17/11/2025 17/11/2025 Short Term